书目信息 |
| 题名: |
绿色化学导论
|
|
| 作者: | 徐汉生 编著 | |
| 分册: | ||
| 出版信息: | 武汉 武汉大学出版社 2002.12 |
|
| 页数: | 107页 | |
| 开本: | 26cm | |
| 丛书名: | 高等院校本科生化学系列教材 | |
| 单 册: | ||
| 中图分类: | X78 | |
| 科图分类: | ||
| 主题词: | 化学工业--无污染技术--高等学校--教材 , 无污染技术--高等学校--教材 | |
| 电子资源: | ||
| ISBN: | 7-307-03731-9 | |
| 000 | 00912nam2 2200265 45 | |
| 005 | 20050119093516.36 | |
| 010 | @a7-307-03731-9@dCNY 11.00 | |
| 100 | @a20030217d2002 ekmy0chiy0121 ea | |
| 101 | 0 | @achi |
| 102 | @aCN@b420000 | |
| 105 | @aak z 000yy | |
| 200 | 1 | @a绿色化学导论@Alv se hua xue dao lun@dAn introduction to green chemistry@f徐汉生编著 |
| 210 | @a武汉@c武汉大学出版社@d2002.12 | |
| 215 | @a107页@c图, 表格@d26cm | |
| 225 | 2 | @a高等院校本科生化学系列教材 |
| 320 | @a本书含参考文献 | |
| 330 | @a本书内容: 绪论; 化工生产中的环境影响评估; 利用再生资源开发化工产品...... | |
| 410 | 0 | @12001 @a高等院校本科生化学系列教材 |
| 510 | 1 | @aAn introduction to green chemistry@zeng |
| 606 | 0 | @a化学工业@x无污染技术@x高等学校@j教材 |
| 606 | 0 | @a无污染技术@x高等学校@j教材 |
| 690 | @aX78@v4 | |
| 701 | 0 | @a徐汉生@Axu han sheng@4编著 |
| 801 | 0 | @aCN@bQSSK52@c20050119 |
| 905 | @a10447@dX78@eX720 | |
| 绿色化学导论=An introduction to green chemistry/徐汉生编著.-武汉:武汉大学出版社,2002.12 |
| 107页:图, 表格;26cm.-(高等院校本科生化学系列教材) |
| ISBN 7-307-03731-9:CNY 11.00 |
| 本书内容: 绪论; 化工生产中的环境影响评估; 利用再生资源开发化工产品...... |
| ● |
| 相关链接 |
|
|
|
正题名:绿色化学导论
索取号:X78/X720
 
预约/预借
| 序号 | 登录号 | 条形码 | 馆藏地/架位号 | 状态 | 备注 |
| 1 | 438689 | 204386896 | 自科二线504/504自科库 10排2列1层/ [索取号:X78/X720] | 在馆 | |
| 2 | 438690 | 204386903 | 自科库501/501自科库 110排1列6层/ [索取号:X78/X720] | 在馆 | |
| 3 | 438691 | 204386912 | 自科库501/501自科库 110排1列6层/ [索取号:X78/X720] | 在馆 |